008650000a22002410004500090001700000245015000017650002500167650002800192650002200220650003300242650001700275651001800292653002700310653003700337653004400374653003600418041001400454700004000468100002900508942001300537773005600550999001700606 aASbSERIADAS10aUtilizacao de habitats reprodutivos e micro-habitats de vocalizacao em uma taxocenose de anuros (Amphibia) da mata atlantica do sudeste do Brasil14aHerpetología9802714aUso del hábitat9382514aEcología99225014aReproducción animal98777014aRanas992906 4pBrasil992749 gSennaeSenna multijuga gTibouchinaeTibouchina mutabilis gHeterantheraeHeteranthera zosterifolia gAndropogoneAndropogon bicornis0 aPortugues1 aTrefaut Rodríguez, Miguel91002801 aBertoluci, Jaime9100282 cARTICULO1 tPapeís Avulsos de Zoologiah11q287-297d2002g42 c16074d16074